000 00550cam a2200169 4500
001 D1428
008 090401t xxu||||| |||| 00| 0 eng d
035 _a(Sirsi) u63991
041 _aeng
050 _a336.2424
245 _aBetterment levy and capital gains tax; an examination of the valuation aspects and the interaction of the Land Commission Act 1967 and the Finance Acts 1965 and 1967 with fully worked examples
260 _aLondon
_bRating Publishers
_c196?
300 _axix. 324p. 21cm
350 _a0
942 _n0
948 _c04/03/1997
999 _c94631
_d94631